Ngô Thì Nhậm; Q2

সংরক্ষণ করুন:
গ্রন্থ-পঞ্জীর বিবরন
প্রধান লেখক: Ngô Thì Nhậm
বিন্যাস: গ্রন্থ
ভাষা:Undetermined
প্রকাশিত: Hà Nội KHXH 1978
বিষয়গুলি:
ট্যাগগুলো: ট্যাগ যুক্ত করুন
কোনো ট্যাগ নেই, প্রথমজন হিসাবে ট্যাগ করুন!
Thư viện lưu trữ: Trung tâm Học liệu Trường Đại học Cần Thơ
LEADER 00550nam a2200169Ia 4500
001 CTU_46637
008 210402s9999 xx 000 0 und d
082 |a 895.92208 
082 |b Nh120/T2 
100 |a Ngô Thì Nhậm 
245 0 |a Ngô Thì Nhậm; Q2 
245 0 |c Ngô Thì Nhậm, Cao Xuân Huy; Dịch giả: Khương Hữu Dụng, Ngô Linh Ngọc 
260 |a Hà Nội 
260 |b KHXH 
260 |c 1978 
650 |a vietnamese literature - 18th century 
980 |a Trung tâm Học liệu Trường Đại học Cần Thơ